[Event "Stuttgarter Stadtmeisterschaft A"]
[Site "Ditzingen"]
[Date "2008.05.02"]
[Round "4.20"]
[White "Gabriel, Josef"]
[Black "Kubacsny, Vilmos"]
[Result "1-0"]
[WhiteElo "2148"]
[BlackElo "2080"]
[PlyCount "123"]
[EventDate "2008.05.??"]
[EventType "swiss"]
[EventRounds "7"]
[EventCountry "GER"]

1. c4 Nf6 2. Nc3 d6 3. g3 g6 4. Bg2 Bg7 5. Nf3 O-O 6. O-O Nbd7 7. b3 c6 8. Bb2
Qa5 9. Qc2 e5 10. d3 Nc5 11. a3 Ne6 12. e3 Qc7 13. Rac1 a5 14. Qb1 Nc5 15. Nd2
Bf5 16. e4 Bd7 17. b4 axb4 18. axb4 Ne6 19. Ne2 Nh5 20. Bc3 Ra4 21. Nb3 c5 22.
bxc5 dxc5 23. Bd2 Rfa8 24. Nc3 Ra3 25. Nd5 Qd8 26. Be3 Nd4 27. Nxc5 Ne2+ 28.
Kh1 Nxc1 29. Bxc1 Ra1 30. Qxb7 R8a7 31. Qb2 Bc6 32. Nb4 Ba8 33. Be3 Rxf1+ 34.
Bxf1 Re7 35. Bh3 f5 36. Nd5 Re8 37. Qb5 Nf6 38. Bg5 Bxd5 39. exd5 Qa8 40. Bxf6
Bxf6 41. Nd7 Bg5 42. Bf1 Rd8 43. Nxe5 Qa1 44. Kg2 Qxe5 45. f4 Bxf4 46. gxf4
Qxf4 47. Qc6 Qg5+ 48. Kf2 Qf4+ 49. Kg2 Rb8 50. Qe6+ Kg7 51. Be2 Qd4 52. Qe7+
Kh6 53. d6 Rg8 54. d7 Rb8 55. c5 Qd5+ 56. Kf2 f4 57. c6 Qxc6 58. d8=Q Rxd8 59.
Qxd8 g5 60. h4 Qc5+ 61. d4 Qf5 62. Bd3 1-0

[Event "Stuttgarter Stadtmeisterschaft A"]
[Site "Ditzingen"]
[Date "2008.05.02"]
[Round "4.21"]
[White "Jussupow, Ekaterina"]
[Black "Barthel, Ansgar"]
[Result "0-1"]
[WhiteElo "2046"]
[BlackElo "2258"]
[PlyCount "72"]
[EventDate "2008.05.??"]
[EventType "swiss"]
[EventRounds "7"]
[EventCountry "GER"]
[WhiteTeam "SK Krumbach"]
[BlackTeam "SC Pirmasens 1912"]

1. e4 Nf6 2. e5 Nd5 3. d4 d6 4. Nf3 dxe5 5. Nxe5 c6 6. c4 Nb4 7. Na3 Bf5 8. Qf3
e6 9. Be3 f6 10. g4 Bc2 11. Rc1 fxe5 12. Nxc2 Nxc2+ 13. Rxc2 exd4 14. Bf4 Qa5+
15. Kd1 Nd7 16. a3 e5 17. Bxe5 Nxe5 18. Qf5 d3 19. Bxd3 Rd8 20. Rd2 Be7 21.
Qh5+ Kf8 22. b4 Qa4+ 23. Ke2 Nxd3 24. Qf5+ Ke8 25. Rhd1 Nc1+ 26. Rxc1 Rxd2+ 27.
Kxd2 Rf8 28. Qc8+ Kf7 29. Qf5+ Kg8 30. Qe6+ Rf7 31. Rc3 Bg5+ 32. Ke1 c5 33. Qd5
Qe8+ 34. Kf1 cxb4 35. axb4 Bh4 36. f4 Qe1+ 0-1

[Event "Stuttgarter Stadtmeisterschaft A"]
[Site "Ditzingen"]
[Date "2008.05.02"]
[Round "4.22"]
[White "Zhou, Syang"]
[Black "Prestel, Oliver"]
[Result "1-0"]
[WhiteElo "1991"]
[BlackElo "2204"]
[PlyCount "99"]
[EventDate "2008.05.??"]
[EventType "swiss"]
[EventRounds "7"]
[EventCountry "GER"]

1. e4 c5 2. Nf3 d6 3. d4 cxd4 4. Nxd4 Nf6 5. Nc3 a6 6. Be3 e5 7. Nb3 Be6 8. f3
Nbd7 9. Qd2 b5 10. O-O-O Nb6 11. Bxb6 Qxb6 12. Nd5 Bxd5 13. exd5 h5 14. Kb1 Rc8
15. Qe2 Rc4 16. Qe1 Rc7 17. f4 Re7 18. Qc3 Rc7 19. Qe1 Ng4 20. Nd4 Be7 21. h3
exd4 22. hxg4 Qc5 23. Qe4 h4 24. Rd2 Kf8 25. Qxd4 Qxd4 26. Rxd4 Bf6 27. Rd3 g5
28. fxg5 Bxg5 29. Ra3 Rc5 30. Rxa6 Rxd5 31. Bd3 Kg7 32. Rb6 Rd4 33. Be2 b4 34.
Rd1 Bd2 35. a3 bxa3 36. c3 Rd5 37. Bf3 a2+ 38. Ka1 Rd3 39. Be2 Rd5 40. Bc4 Rc5
41. Rxd2 Rxc4 42. Kxa2 Rxg4 43. Rbxd6 Ra8+ 44. Kb1 Re8 45. R6d4 f5 46. Rxg4+
fxg4 47. Rd4 Re1+ 48. Ka2 Kh6 49. Rxg4 Kh5 50. Rg8 1-0

[Event "Stuttgarter Stadtmeisterschaft A"]
[Site "Ditzingen"]
[Date "2008.05.02"]
[Round "4.23"]
[White "Wagner, Florian"]
[Black "Ringoir, Guy"]
[Result "1-0"]
[WhiteElo "2183"]
[BlackElo "1941"]
[PlyCount "61"]
[EventDate "2008.05.??"]
[EventType "swiss"]
[EventRounds "7"]
[EventCountry "GER"]
[WhiteTeam "SC Noris Tarrasch Nürnberg"]

1. e4 c5 2. c3 Nf6 3. e5 Nd5 4. Nf3 e6 5. d4 cxd4 6. cxd4 d6 7. Bc4 Nb6 8. Bd3
Nc6 9. a3 dxe5 10. dxe5 Be7 11. O-O O-O 12. Nc3 Nd5 13. Bd2 Nxc3 14. Bxc3 b6
15. Qe2 Bb7 16. Rac1 Rc8 17. h4 g6 18. Rfd1 Qc7 19. Qe3 Rfd8 20. h5 Bf8 21. Ng5
Bh6 22. Qg3 Bxg5 23. Qxg5 Qe7 24. Qf4 Rd5 25. Be4 Rxd1+ 26. Rxd1 Rd8 27. Rd6 g5
28. Qd2 Rxd6 29. exd6 Qd8 30. d7 Na5 31. Bf6 1-0

[Event "Stuttgarter Stadtmeisterschaft A"]
[Site "Ditzingen"]
[Date "2008.05.02"]
[Round "4.24"]
[White "Ter-Akopyan, Bagrat"]
[Black "Haag, Ulrich"]
[Result "0-1"]
[WhiteElo "1984"]
[BlackElo "2158"]
[PlyCount "77"]
[EventDate "2008.05.??"]
[EventType "swiss"]
[EventRounds "7"]
[EventCountry "GER"]

1. e4 c6 2. Nf3 d5 3. exd5 cxd5 4. Ne5 Nf6 5. d4 e6 6. Bd3 Be7 7. O-O O-O 8. c3
Nbd7 9. Nd2 Qc7 10. Ndf3 Ne4 11. Nxd7 Bxd7 12. Re1 f5 13. Ne5 Bd6 14. f3 Bxe5
15. dxe5 Nc5 16. Bf1 b5 17. Qd4 Rfc8 18. Be3 a5 19. g4 fxg4 20. fxg4 Rab8 21.
Rad1 Be8 22. h4 Bg6 23. Qxc5 Qxc5 24. Bxc5 Rxc5 25. Rd4 Be4 26. Red1 Rf8 27. a4
bxa4 28. c4 Rb8 29. R1d2 Rb3 30. Kh2 Rb4 31. g5 Kf7 32. Kg3 Ke7 33. cxd5 exd5
34. Rxb4 axb4 35. Rd4 a3 36. bxa3 bxa3 37. Ra4 a2 38. Bg2 Rc3+ 39. Kg4 0-1

[Event "Stuttgarter Stadtmeisterschaft A"]
[Site "Ditzingen"]
[Date "2008.05.02"]
[Round "4.25"]
[White "Kaplunov, Vadym"]
[Black "Scharping, Hans-Martin"]
[Result "1/2-1/2"]
[WhiteElo "1967"]
[BlackElo "2138"]
[PlyCount "33"]
[EventDate "2008.05.??"]
[EventType "swiss"]
[EventRounds "7"]
[EventCountry "GER"]

1. d4 d5 2. c4 c6 3. Nc3 Nf6 4. Nf3 e6 5. cxd5 exd5 6. Bg5 Nbd7 7. e3 Be7 8.
Qc2 O-O 9. Bd3 Re8 10. O-O Nf8 11. Ne5 Ng4 12. Bxe7 Qxe7 13. Nf3 Nf6 14. a3 Bg4
15. Ne5 Bh5 16. Bf5 Bg6 17. Bxg6 1/2-1/2

[Event "Stuttgarter Stadtmeisterschaft A"]
[Site "Ditzingen"]
[Date "2008.05.02"]
[Round "4.26"]
[White "Notegger, Peter"]
[Black "Lange, Jan-David"]
[Result "1-0"]
[WhiteElo "1952"]
[BlackElo "2132"]
[PlyCount "89"]
[EventDate "2008.05.??"]
[EventType "swiss"]
[EventRounds "7"]
[EventCountry "GER"]

1. Nf3 Nf6 2. c4 g6 3. d4 Bg7 4. Nc3 O-O 5. e3 d6 6. Be2 c6 7. O-O Nbd7 8. Qc2
e5 9. dxe5 dxe5 10. e4 Qe7 11. h3 Nh5 12. b3 Nf4 13. a4 a5 14. Ba3 Nc5 15. Rfe1
b6 16. Bf1 Be6 17. Rad1 Rfd8 18. Kh2 Qf6 19. Ng1 g5 20. Bxc5 bxc5 21. g3 Ng6
22. Kg2 g4 23. h4 Bh6 24. Rxd8+ Rxd8 25. Rd1 Qe7 26. Be2 Rf8 27. Qd2 Rb8 28.
Na2 Qb7 29. Nc1 Qb6 30. h5 Nf8 31. Qd6 Nd7 32. Bxg4 Bxg4 33. Qxh6 Bxd1 34. Qd6
Qd8 35. Qxd1 Nf6 36. Qf3 Rb7 37. Qf5 h6 38. Qxe5 Qe7 39. Qc3 Qxe4+ 40. f3 Qd4
41. Qxa5 Kg7 42. Nge2 Qd6 43. g4 Re7 44. Ng3 Re5 45. f4 1-0

[Event "Stuttgarter Stadtmeisterschaft A"]
[Site "Ditzingen"]
[Date "2008.05.02"]
[Round "4.27"]
[White "Reichert, Manuel"]
[Black "Scheeff, Volker"]
[Result "0-1"]
[WhiteElo "1946"]
[BlackElo "2125"]
[PlyCount "62"]
[EventDate "2008.05.??"]
[EventType "swiss"]
[EventRounds "7"]
[EventCountry "GER"]

1. d4 e6 2. c4 b6 3. Nc3 Bb7 4. e4 Bb4 5. Qc2 Qh4 6. d5 c6 7. Nf3 Qh5 8. dxe6
fxe6 9. Be2 c5 10. Nd2 Qe5 11. O-O Bxc3 12. bxc3 Nc6 13. f4 Qc7 14. e5 Nh6 15.
Bh5+ g6 16. Bxg6+ hxg6 17. Qxg6+ Nf7 18. Ne4 O-O-O 19. Qxf7 Nxe5 20. fxe5 Bxe4
21. Bf4 Qc6 22. Rf2 Rdf8 23. Qe7 Rhg8 24. g3 Qa4 25. Qd6 Qxc4 26. Qd2 Bb7 27.
Rd1 Bc6 28. Qd3 Rxf4 29. Qh7 Rff8 30. Rf7 Qxc3 31. Rfxd7 Qe3# 0-1

[Event "Stuttgarter Stadtmeisterschaft A"]
[Site "Ditzingen"]
[Date "2008.05.02"]
[Round "4.28"]
[White "Turski, Tomasz"]
[Black "Braun, Georg"]
[Result "1/2-1/2"]
[WhiteElo "2097"]
[BlackElo "1931"]
[PlyCount "101"]
[EventDate "2008.05.??"]
[EventType "swiss"]
[EventRounds "7"]
[EventCountry "GER"]

1. d4 Nf6 2. c4 c5 3. Nf3 cxd4 4. Nxd4 b6 5. e3 Bb7 6. Nc3 e6 7. Nf3 Be7 8. Bd3
d6 9. O-O O-O 10. b3 Nbd7 11. Bb2 a6 12. Qe2 Qc7 13. Rac1 Rac8 14. Rfd1 Qb8 15.
Bb1 Rfd8 16. Nd4 Qa8 17. e4 Bf8 18. f3 Nb8 19. Na4 Qa7 20. Kh1 Nc6 21. Qd2 Nd7
22. Qg5 Nxd4 23. Rxd4 h6 24. Qd2 Nc5 25. Nxc5 bxc5 26. Rd3 Qb6 27. Rd1 Be7 28.
Bc3 Qc6 29. Qe1 e5 30. Ba5 Rd7 31. Bd2 f6 32. Qg3 g5 33. Qh3 Bf8 34. Bc2 Re8
35. b4 Bc8 36. Qh5 Red8 37. a3 Kh7 38. Bb3 Rg7 39. bxc5 Qxc5 40. Bb4 Qc7 41. c5
a5 42. cxd6 Qb6 43. d7 axb4 44. dxc8=Q Rxc8 45. axb4 Bxb4 46. Qg4 Rf8 47. Be6
Qf2 48. g3 Be1 49. Qh3 Re7 50. Bf5+ Kg7 51. Qg2 1/2-1/2

[Event "Stuttgarter Stadtmeisterschaft A"]
[Site "Ditzingen"]
[Date "2008.05.02"]
[Round "4.29"]
[White "Löwe, Joachim"]
[Black "Reck, Moritz"]
[Result "0-1"]
[WhiteElo "1778"]
[BlackElo "2094"]
[PlyCount "130"]
[EventDate "2008.05.??"]
[EventType "swiss"]
[EventRounds "7"]
[EventCountry "GER"]

1. e4 g6 2. Nf3 Bg7 3. Be2 d6 4. O-O Nc6 5. c3 e5 6. d3 h6 7. Be3 Be6 8. Qc2 f5
9. g3 Nf6 10. Nh4 Ne7 11. Qd1 O-O 12. exf5 gxf5 13. Qd2 Kh7 14. c4 Qe8 15. Nc3
c6 16. d4 Qf7 17. b3 Nh5 18. Qd1 Nf6 19. Qc2 Kh8 20. Qd2 Nfg8 21. f4 Rad8 22.
Rad1 a6 23. Qc1 e4 24. Qd2 d5 25. c5 Bf6 26. Qe1 Bxh4 27. gxh4 Nf6 28. Bf2 Rg8+
29. Kh1 Rg7 30. Rg1 Rdg8 31. Rxg7 Rxg7 32. Bg3 Ng4 33. Bxg4 Rxg4 34. Qf2 Qf6
35. Rg1 Bf7 36. h3 Rg7 37. Kh2 Bh5 38. Nd1 Ng6 39. Nc3 Nf8 40. Qd2 Ne6 41. Bf2
Bf3 42. Rxg7 Qxg7 43. Be3 Qf6 44. Qf2 Nf8 45. Qg3 Kh7 46. Na4 Ne6 47. Qf2 Kg6
48. Nb6 Kh5 49. Nc8 Nf8 50. Nd6 b6 51. b4 bxc5 52. bxc5 Ng6 53. Qg3 Bd1 54. Ne8
Qf8 55. Nd6 Nxh4 56. Kg1 Bc2 57. Kh2 Bd3 58. Kg1 Qb8 59. Kh2 Qb1 60. Ne8 Nf3+
61. Qxf3+ exf3 62. Kg3 Qh1 63. Ng7+ Kg6 64. Kh4 Bf1 65. Kg3 Qg2+ 0-1

[Event "Stuttgarter Stadtmeisterschaft A"]
[Site "Ditzingen"]
[Date "2008.05.02"]
[Round "4.30"]
[White "Scherer, Holger"]
[Black "Yin, Zixiao"]
[Result "1-0"]
[WhiteElo "2084"]
[BlackElo "1923"]
[PlyCount "61"]
[EventDate "2008.05.??"]
[EventType "swiss"]
[EventRounds "7"]
[EventCountry "GER"]

1. e4 c6 2. d4 Na6 3. Nf3 d6 4. c4 g6 5. Nc3 Bg7 6. Be2 Bg4 7. O-O Nc7 8. Be3
Nf6 9. h3 Bxf3 10. Bxf3 O-O 11. Qe2 Nd7 12. g3 e5 13. Rad1 Qe7 14. Bg2 f5 15.
f4 Ne6 16. exf5 gxf5 17. d5 cxd5 18. Nxd5 Qf7 19. fxe5 Bxe5 20. Bh6 Rfe8 21.
Qd3 Qg6 22. Bf4 Nec5 23. Qf3 Rac8 24. Bxe5 Rxe5 25. Rfe1 Rce8 26. Rxe5 Rxe5 27.
Qf4 Kg7 28. Ne3 Rxe3 29. Qxe3 Ne5 30. b3 Ne4 31. g4 1-0

[Event "Stuttgarter Stadtmeisterschaft A"]
[Site "Ditzingen"]
[Date "2008.05.02"]
[Round "4.32"]
[White "Richter, Götz"]
[Black "Büter, Norbert"]
[Result "1-0"]
[WhiteElo "2073"]
[BlackElo "1874"]
[PlyCount "61"]
[EventDate "2008.05.??"]
[EventType "swiss"]
[EventRounds "7"]
[EventCountry "GER"]

1. e4 d6 2. d4 Nf6 3. Nc3 g6 4. Be3 Bg7 5. Qd2 c6 6. f3 b5 7. Bd3 Nbd7 8. Bh6
Bxh6 9. Qxh6 Nb6 10. f4 Na4 11. Nxa4 bxa4 12. Ne2 Qa5+ 13. c3 Ba6 14. Qh3 Bxd3
15. Qxd3 Rb8 16. Rb1 Rb6 17. O-O O-O 18. Ng3 Rfb8 19. Rf2 Qb5 20. c4 Qa6 21. e5
Ng4 22. Rc2 Rb4 23. Ne4 f5 24. exf6 Nxf6 25. f5 Qa5 26. fxg6 h6 27. Nxf6+ exf6
28. Re2 Qg5 29. Qe4 R4b7 30. Rbe1 Rg7 31. Qe8+ 1-0

[Event "Stuttgarter Stadtmeisterschaft A"]
[Site "Ditzingen"]
[Date "2008.05.02"]
[Round "4.33"]
[White "Günthner, Arthur"]
[Black "Ebeling, Jens"]
[Result "1/2-1/2"]
[WhiteElo "1707"]
[BlackElo "2065"]
[PlyCount "67"]
[EventDate "2008.05.??"]
[EventType "swiss"]
[EventRounds "7"]
[EventCountry "GER"]

1. d4 Nf6 2. c4 g6 3. Nc3 Bg7 4. e4 d6 5. Be2 O-O 6. Bg5 Nbd7 7. f3 c5 8. d5 a6
9. Nh3 b5 10. cxb5 Qa5 11. bxa6 Bxa6 12. Bxa6 Qxa6 13. Qe2 Rfb8 14. Qxa6 Rxa6
15. Nd1 Ne5 16. Nhf2 h6 17. Bd2 Nfd7 18. Bc3 Nb6 19. f4 Ned7 20. Bxg7 Kxg7 21.
O-O Nc4 22. Nd3 Nd2 23. Re1 Nb3 24. Rb1 Rxa2 25. Nc1 Ra4 26. Nxb3 Rxb3 27. g3
Rd4 28. Re2 Nb6 29. Kf1 Nc4 30. Ke1 h5 31. Nc3 Nxb2 32. Rbxb2 Rxc3 33. Rb7 Kf8
34. Rb8+ 1/2-1/2

[Event "Stuttgarter Stadtmeisterschaft A"]
[Site "Ditzingen"]
[Date "2008.05.02"]
[Round "4.34"]
[White "Bissbort, Julian"]
[Black "Marquardt, Patrick"]
[Result "1-0"]
[WhiteElo "2059"]
[BlackElo "1859"]
[PlyCount "111"]
[EventDate "2008.05.??"]
[EventType "swiss"]
[EventRounds "7"]
[EventCountry "GER"]

1. e4 c5 2. c3 d5 3. exd5 Qxd5 4. d4 Nf6 5. Nf3 Bg4 6. Be2 Nc6 7. c4 Qd7 8. d5
Bxf3 9. Bxf3 Nd4 10. Be3 Nxf3+ 11. Qxf3 Rc8 12. Nc3 g6 13. O-O Bg7 14. Rad1 O-O
15. Rfe1 a6 16. Bg5 b5 17. d6 Qf5 18. Qxf5 gxf5 19. dxe7 Rfe8 20. cxb5 axb5 21.
Nxb5 Ne4 22. Nd6 Bd4 23. Nxe4 fxe4 24. Rxe4 f6 25. Bc1 Rc7 26. Rde1 Kf7 27. g3
Ra7 28. a3 Raxe7 29. Rxe7+ Rxe7 30. Rxe7+ Kxe7 31. Be3 Bxb2 32. Bxc5+ Ke6 33.
Kf1 Kd5 34. Be7 Ke4 35. Ke2 f5 36. f3+ Kd5 37. Kd3 h5 38. a4 Bd4 39. a5 Bg1 40.
h3 Bf2 41. a6 Kc6 42. Bf6 Kd5 43. Bg5 Kc6 44. Be3 Bxg3 45. a7 Kb7 46. Kc4 f4
47. Bd4 Bh2 48. Kd5 Bg3 49. Ke4 Ka8 50. Kf5 Kb7 51. Kg5 h4 52. Kg4 Ka8 53. Bf6
Kxa7 54. Bxh4 Bh2 55. Bg5 Kb7 56. h4 1-0

[Event "Stuttgarter Stadtmeisterschaft A"]
[Site "Ditzingen"]
[Date "2008.05.02"]
[Round "4.35"]
[White "Erben, Larissa"]
[Black "Schiestl, Uwe"]
[Result "0-1"]
[WhiteElo "1942"]
[BlackElo "2051"]
[PlyCount "71"]
[EventDate "2008.05.??"]
[EventType "swiss"]
[EventRounds "7"]
[EventCountry "GER"]

1. e4 c5 2. Nf3 d6 3. d4 cxd4 4. Nxd4 Nf6 5. Nc3 a6 6. Be2 e5 7. Nb3 Be7 8. O-O
Be6 9. f4 Qc7 10. Kh1 Nbd7 11. f5 Bc4 12. Rg1 b5 13. a3 h5 14. Bf3 Ng4 15. Qe1
O-O-O 16. Nd2 Qc5 17. Nd1 Nb8 18. b3 d5 19. bxc4 dxc4 20. Rf1 Nc6 21. Bxg4 hxg4
22. Ne3 Nd4 23. Qf2 Rxh2+ 24. Kxh2 Rh8+ 25. Kg1 g3 26. Qe1 Qb6 27. f6 Nxc2 28.
Qxg3 Nxe3 29. Qf2 Bc5 30. fxg7 Rg8 31. Qf3 Rxg7 32. Rf2 Ng4 33. Qf5+ Kb8 34.
Nf3 Bxf2+ 35. Kf1 Qd6 36. Nxe5 0-1

[Event "Stuttgarter Stadtmeisterschaft A"]
[Site "Ditzingen"]
[Date "2008.05.02"]
[Round "4.36"]
[White "Strunski, Andreas"]
[Black "Rempeli, Alex"]
[Result "1-0"]
[WhiteElo "2271"]
[BlackElo "1713"]
[PlyCount "59"]
[EventDate "2008.05.??"]
[EventType "swiss"]
[EventRounds "7"]
[EventCountry "GER"]

1. d4 Nf6 2. c4 g6 3. Nc3 d5 4. cxd5 Nxd5 5. e4 Nxc3 6. bxc3 Bg7 7. Bc4 c5 8.
Ne2 Nc6 9. Be3 O-O 10. O-O Na5 11. Bd3 b6 12. Rb1 e6 13. Qd2 Bb7 14. Bh6 cxd4
15. Bxg7 Kxg7 16. cxd4 Rc8 17. Qf4 Qd7 18. h4 Nc4 19. h5 f5 20. exf5 exf5 21.
Bxc4 Rxc4 22. Rb3 Re8 23. Re3 Qd5 24. f3 Rxe3 25. Qxe3 Rc2 26. Nf4 Qf7 27. h6+
Kg8 28. Re1 g5 29. Ne6 Bd5 30. Nxg5 1-0

[Event "Stuttgarter Stadtmeisterschaft A"]
[Site "Ditzingen"]
[Date "2008.05.02"]
[Round "4.37"]
[White "Fingerhut, Armin"]
[Black "Guballa, Jens"]
[Result "1/2-1/2"]
[WhiteElo "1919"]
[BlackElo "2041"]
[PlyCount "47"]
[EventDate "2008.05.??"]
[EventType "swiss"]
[EventRounds "7"]
[EventCountry "GER"]

1. e4 c6 2. d4 d5 3. exd5 cxd5 4. c4 Nf6 5. Nc3 e6 6. Bf4 dxc4 7. Bxc4 Bd6 8.
Bxd6 Qxd6 9. d5 exd5 10. Nxd5 O-O 11. Ne3 Qb6 12. Qb3 Qa5+ 13. Ke2 Nc6 14. Nf3
Ng4 15. Rhd1 Nxe3 16. Qxe3 Bg4 17. Kf1 Rae8 18. Qf4 Bxf3 19. Qxf3 Ne5 20. Qb3
Nxc4 21. Qxc4 Rc8 22. Qb3 Rc6 23. Rd5 Qa6+ 24. Qb5 1/2-1/2

[Event "Stuttgarter Stadtmeisterschaft A"]
[Site "Ditzingen"]
[Date "2008.05.02"]
[Round "4.38"]
[White "Rudhart, Michael"]
[Black "Sarchisov, Slavik"]
[Result "0-1"]
[WhiteElo "1917"]
[BlackElo "1982"]
[PlyCount "78"]
[EventDate "2008.05.??"]
[EventType "swiss"]
[EventRounds "7"]
[EventCountry "GER"]
[WhiteTeam "Schachclub Feuerbach e. V."]
[BlackTeam "Karlsruher SF 1853"]

1. d4 d6 2. c4 g6 3. Nc3 Bg7 4. e4 Nf6 5. f3 O-O 6. Be3 Nbd7 7. Qd2 c5 8. dxc5
Nxc5 9. O-O-O Qa5 10. Kb1 Kh8 11. Bh6 a6 12. Bxg7+ Kxg7 13. Nd5 Qxd2 14. Rxd2
Nxd5 15. cxd5 f5 16. exf5 Bxf5+ 17. Kc1 Rac8 18. Kd1 Na4 19. Ne2 Nb6 20. b3 Bd7
21. Ng3 Rc5 22. Bc4 Nxc4 23. bxc4 Rxc4 24. Re1 Re8 25. Re3 b5 26. Ke1 b4 27.
Ne4 h6 28. g4 a5 29. Kf2 Kf8 30. Ng3 Ba4 31. Re4 Rec8 32. Rxc4 Rxc4 33. Ke3 Rc2
34. h4 Rxd2 35. Kxd2 Bb5 36. h5 gxh5 37. gxh5 Bc4 38. Nf5 Bxd5 39. Nxh6 Bxf3
0-1

[Event "Stuttgarter Stadtmeisterschaft A"]
[Site "Ditzingen"]
[Date "2008.05.02"]
[Round "4.39"]
[White "Grandidier, Raphael"]
[Black "Reder, Erik"]
[Result "1/2-1/2"]
[WhiteElo "2023"]
[BlackElo "1882"]
[PlyCount "54"]
[EventDate "2008.05.??"]
[EventType "swiss"]
[EventRounds "7"]
[EventCountry "GER"]

1. e4 e6 2. d4 d5 3. Nc3 Nf6 4. Bg5 Be7 5. e5 Nfd7 6. h4 h6 7. Bxe7 Qxe7 8. Qg4
f6 9. f4 a6 10. O-O-O c5 11. Nf3 Nc6 12. dxc5 Nxc5 13. Bd3 b5 14. Bg6+ Kd8 15.
Nd4 Nxd4 16. Rxd4 b4 17. Rxb4 Nd3+ 18. Bxd3 Qxb4 19. exf6 gxf6 20. a3 f5 21.
Qf3 Qb7 22. Qe3 Rg8 23. Qe5 Qc7 24. Qd4 Qg7 25. Qb6+ Qc7 26. Qd4 Qg7 27. Qc5
Qc7 1/2-1/2

[Event "Stuttgarter Stadtmeisterschaft A"]
[Site "Ditzingen"]
[Date "2008.05.02"]
[Round "4.40"]
[White "Giricz, Thomas"]
[Black "Arounopoulos, Stephan"]
[Result "0-1"]
[WhiteElo "1875"]
[BlackElo "2002"]
[PlyCount "120"]
[EventDate "2008.05.??"]
[EventType "swiss"]
[EventRounds "7"]
[EventCountry "GER"]
[WhiteTeam "SAbt VfL Sindelfingen"]
[BlackTeam "SK e4 Gerlingen"]

1. e4 e6 2. d4 d5 3. Nd2 Be7 4. Bd3 Nf6 5. e5 Nfd7 6. Ne2 c5 7. c3 Nc6 8. Nf3
g5 9. Be3 g4 10. Nd2 h5 11. Nf4 Qb6 12. Ne2 Qxb2 13. a4 Qb6 14. O-O Qc7 15. f4
cxd4 16. cxd4 Nb4 17. Rc1 Qa5 18. Bb1 Nb6 19. Nc3 Bd7 20. f5 Nxa4 21. fxe6 fxe6
22. Bg6+ Kd8 23. Nb3 Qb6 24. Qd2 Nxc3 25. Rxc3 Nc6 26. Nc5 Bxc5 27. Rxc5 Kc7
28. Rb1 Qa6 29. Bd3 Qa3 30. Rc3 Qe7 31. Qb2 b6 32. Bb5 Kb7 33. Ra3 Qd8 34.
Bxc6+ Bxc6 35. Bg5 Qc7 36. Be7 Rh7 37. Bd6 Qd8 38. Rc3 Rc8 39. Qc2 Rh8 40. Qa2
Bd7 41. Rcb3 Rc4 42. Bc5 Ba4 43. Ra3 Qd7 44. Bd6 Qc6 45. h4 Rh7 46. Qf2 Qe8 47.
Rba1 Rf7 48. Qa2 b5 49. Qb2 Kc6 50. Rb1 a6 51. Bc5 Qd8 52. Rc1 Rxc1+ 53. Qxc1
Kb7 54. Qb2 Ka8 55. Bd6 Qxh4 56. Qc1 Qf2+ 57. Kh2 Qf4+ 58. Qxf4 Rxf4 59. Rc3
Rxd4 60. Rc8+ Kb7 0-1

[Event "Stuttgarter Stadtmeisterschaft A"]
[Site "Ditzingen"]
[Date "2008.05.02"]
[Round "4.41"]
[White "Volk, Werner"]
[Black "Winkler, Stefan"]
[Result "1-0"]
[WhiteElo "1993"]
[BlackElo "1824"]
[PlyCount "73"]
[EventDate "2008.05.??"]
[EventType "swiss"]
[EventRounds "7"]
[EventCountry "GER"]

1. Nf3 Nf6 2. c4 d5 3. cxd5 Nxd5 4. g3 c5 5. Bg2 g6 6. Ne5 Qd6 7. Qa4+ Nd7 8.
Nc4 Qe6 9. O-O Nb4 10. Ne3 Bh6 11. a3 Bxe3 12. axb4 Bh6 13. bxc5 O-O 14. c6 Nc5
15. Qh4 g5 16. Qb4 Nb3 17. Ra3 Nxc1 18. Rxc1 a5 19. Qb5 b6 20. Qxb6 Qxe2 21.
Re3 Qg4 22. Rxe7 Be6 23. Ra7 Bg7 24. Rxa8 Rxa8 25. c7 Rc8 26. Nc3 Bd4 27. Qxa5
f5 28. Bd5 Bxf2+ 29. Kxf2 Qd4+ 30. Ke2 Qe5+ 31. Kd1 Kh8 32. Qb5 f4 33. Bxe6
Qxe6 34. Qd5 Qg4+ 35. Kc2 f3 36. Re1 Kg7 37. Re7+ 1-0

[Event "Stuttgarter Stadtmeisterschaft A"]
[Site "Ditzingen"]
[Date "2008.05.02"]
[Round "4.42"]
[White "Jehle, Anja"]
[Black "Viehoff, Jürgen"]
[Result "1-0"]
[WhiteElo "1968"]
[BlackElo "1812"]
[PlyCount "91"]
[EventDate "2008.05.??"]
[EventType "swiss"]
[EventRounds "7"]
[EventCountry "GER"]

1. d4 Nf6 2. c4 e5 3. d5 Bc5 4. e3 O-O 5. a3 a5 6. Nc3 d6 7. Qc2 Qe7 8. Bd3 Bd7
9. Nge2 Na6 10. Ng3 g6 11. Bd2 Ba7 12. f3 Nc5 13. O-O Nxd3 14. Qxd3 h5 15. Kh1
h4 16. Nge4 Nh5 17. Ne2 f5 18. N4c3 Qh7 19. f4 e4 20. Qc2 Rf7 21. Nd1 b5 22. b4
bxc4 23. Qxc4 axb4 24. axb4 Rb8 25. Ndc3 Bb6 26. Ng1 Rff8 27. Nh3 Ng3+ 28. hxg3
hxg3 29. Kg1 g5 30. Rfe1 g4 31. Ng5 Qh2+ 32. Kf1 Qh1+ 33. Ke2 Qxg2+ 34. Kd1 Ra8
35. Rb1 Qh2 36. Kc2 g2 37. Rg1 Ra3 38. Qe2 Rfa8 39. Rxg2 Rxc3+ 40. Bxc3 Ra2+
41. Rb2 Ba4+ 42. Kd2 Rxb2+ 43. Bxb2 Qh4 44. Qf2 Qh1 45. Qg1 Bxe3+ 46. Kxe3 1-0

[Event "Stuttgarter Stadtmeisterschaft A"]
[Site "Ditzingen"]
[Date "2008.05.02"]
[Round "4.43"]
[White "Budjav, Enkhjargal"]
[Black "Severin, Andreas"]
[Result "0-1"]
[WhiteElo "1866"]
[BlackElo "1981"]
[PlyCount "148"]
[EventDate "2008.05.??"]
[EventType "swiss"]
[EventRounds "7"]
[EventCountry "GER"]

1. Nf3 e6 2. g3 f5 3. Bg2 Nf6 4. c4 Be7 5. Nc3 O-O 6. d4 d6 7. O-O Ne4 8. Qc2
Nxc3 9. bxc3 Nc6 10. e4 e5 11. dxe5 dxe5 12. Rd1 Qe8 13. exf5 Bxf5 14. Qe2 Qh5
15. h3 Bxh3 16. Bxh3 Qxh3 17. Qe4 Qf5 18. Qxf5 Rxf5 19. Nd2 Na5 20. Ne4 Rd8 21.
Rxd8+ Bxd8 22. Be3 Nxc4 23. Rd1 Rf8 24. Rd7 Nxe3 25. fxe3 b6 26. Kg2 h5 27. Kh3
Kh7 28. g4 Rf3+ 29. Kg2 Rxe3 30. Ng3 Bf6 31. Nxh5 Kg6 32. Rxc7 Re2+ 33. Kf3
Rxa2 34. Ng3 a5 35. Ne4 Rb2 36. Rc6 Kf7 37. g5 Be7 38. g6+ Ke8 39. Rc8+ Bd8 40.
Nf6+ Ke7 41. Nd5+ Kd7 42. Ra8 Rb3 43. Ke4 Rb1 44. Kxe5 Re1+ 45. Kf5 Rf1+ 46.
Ke4 Re1+ 47. Kf3 Rf1+ 48. Ke2 Rf5 49. Ra7+ Ke6 50. c4 b5 51. Kd3 bxc4+ 52. Kxc4
Rxd5 53. Rxg7 Rg5 54. Rg8 Be7 55. Kd3 Bb4 56. Ke4 Kf6 57. Rc8 Rxg6 58. Kf4 Ke7
59. Ke5 Rg5+ 60. Kd4 Kd7 61. Rh8 Kc7 62. Kc4 Rc5+ 63. Kb3 Kb7 64. Rh6 Rc6 65.
Rh5 Kb8 66. Ka4 Rd6 67. Rb5+ Ka7 68. Rh5 Rb6 69. Rg5 Bd2 70. Rh5 Rb7 71. Rd5
Rc7 72. Rd4 Bb4 73. Kb3 Rc3+ 74. Kb2 Rc5 {Rest unvollstaendig} 0-1

[Event "Stuttgarter Stadtmeisterschaft A"]
[Site "Ditzingen"]
[Date "2008.05.02"]
[Round "4.44"]
[White "Bauer, Dieter"]
[Black "Janata, Andreas"]
[Result "1-0"]
[WhiteElo "1854"]
[BlackElo "1979"]
[PlyCount "73"]
[EventDate "2008.05.??"]
[EventType "swiss"]
[EventRounds "7"]
[EventCountry "GER"]

1. d4 Nf6 2. Bg5 e6 3. e3 c5 4. c3 b6 5. Nf3 Bb7 6. Bd3 Be7 7. Nbd2 d6 8. O-O
O-O 9. e4 Nc6 10. Rc1 cxd4 11. cxd4 h6 12. Be3 Nb4 13. Bb1 Ba6 14. Re1 Nd3 15.
Bxd3 Bxd3 16. Qb3 Bxe4 17. Nxe4 Nxe4 18. Bxh6 Nxf2 19. Bxg7 Nh3+ 20. gxh3 Kxg7
21. Rc2 Rg8 22. Rg2+ Kf8 23. Rxg8+ Kxg8 24. Qe3 Bf6 25. Re2 Kf8 26. h4 Ke7 27.
Ng5 Qh8 28. Nxe6 Kd7 29. Qh3 Rg8+ 30. Kf1 fxe6 31. Qxe6+ Kc7 32. Rc2+ Kb7 33.
Qd7+ Kb8 34. Qxd6+ Kb7 35. Rc7+ Ka6 36. Qa3+ Kb5 37. Qd3+ 1-0